| 000 | 01070nam a2200277Ia 4500 | ||
|---|---|---|---|
| 003 | OSt | ||
| 005 | 20221005103924.0 | ||
| 006 | a|||||r|||| 00| 0 | ||
| 007 | ta | ||
| 008 | 221004b |||||||| |||| 00| 0 hin d | ||
| 020 |
_a8180600653 (hbk) _c300 |
||
| 024 | _a11008 | ||
| 037 |
_b823, 13/03/2014, H.K. Prakashan _cTextual |
||
| 040 |
_aCRL _cCRL _bhin |
||
| 041 |
_2hin _ahin |
||
| 082 | _aO152,3N30w,1, P9 | ||
| 100 | _aकरनजीत सिंह | ||
| 245 | 0 | _aधरा से उठते कदम | |
| 246 | _aDharā se uṭhate kadama | ||
| 260 |
_aदिल्ली _bकृति प्रकाशन भारत _c2009 |
||
| 300 |
_a239पृ0 _ccm. |
||
| 650 | _aहिन्दी साहित्य | ||
| 700 |
_a बिन्द्रा, जसविन्दर कौर, अनु. _9160648 |
||
| 942 |
_hO152,3N30w,1, P9 _cTEXL _2cc |
||
| 999 |
_c1011287 _d1011287 |
||